| 000 | 01177nam a2200205Ia 4500 | ||
|---|---|---|---|
| 003 | Ost | ||
| 005 | 20260507075052.0 | ||
| 008 | 260507s9999||||xx |||||||||||||| ||und|| | ||
| 040 | _cfsecg | ||
| 041 | _aara | ||
| 082 | _a658.8 | ||
| 100 |
_aنويل، فردريك _eمؤلف |
||
| 245 | 0 |
_aأنظمة التسويق الجديدة / _c فردريك نويل |
|
| 260 |
_aأمريكا: _bبيت الأفكار الدولية, _c1998 |
||
| 300 |
_a757 صفحة؛ _bإيضاحات ؛ _c24 سم |
||
| 520 | _aالضفادع والعلاجيم والسحالي التي كدسها المسوقون في الثمانينات في أضرحة الخدمة والسعر ومراكز الشراء-لقد مل الزبون من هذا كله، قواعد البيانات، التسويق المباشر، ابعد ثلاث خطوات عن الزبون، استخدام قواعد البيانات التسويقية لمراقبة سلوك الزبائن، أهمية المبيعات التدريجية، أربع حالات تسويقية، الخصوصية وواجبات المسوق | ||
| 653 | _aالاقتصاد_تاريخ | ||
| 653 | _aالتسويق | ||
| 942 | _cكتاب | ||
| 999 |
_c42666 _d42666 |
||